Introduction aux existencialismes

Guardado en:
Bibliografiske detaljer
Hovedforfatter: Mounier, Emmanuel
Format: Bog
Sprog:Undetermined
Udgivet: París, Francia Denoel 1947
Fag:
Tags: Tilføj Tag
Ingen Tags, Vær først til at tagge denne postø!

MARC

LEADER 00000nam a2200000Ia 4500
008 170316s9999 xx 000 0 und d
090 |a 100 M-63i 
100 |a Mounier, Emmanuel 
245 |a Introduction aux existencialismes 
260 |a París, Francia 
260 |b Denoel 
260 |c 1947 
300 |a 156 páginas 
650 |a FILOSOFÍA 
999 |c 17072  |d 17072 
040 |a cru BVZT 
942 |c 15 D  |h 100 M-63i  |2 z